Giúp chồng thành công
v.v...
Đã lưu trong:
| Tác giả chính: | |
|---|---|
| Định dạng: | Sách |
| Năm xuất bản: |
H.
Thanh niên
1999
|
| Chủ đề: | |
| Tags: |
Thêm thẻ
Không có thẻ, Hãy là người đầu tiên gắn thẻ bản ghi này!
|
| LEADER | 00752nam a2200193 4500 | ||
|---|---|---|---|
| 082 | |a 306.87 |b C100R | ||
| 100 | |a Carnegie, Dale | ||
| 245 | |a Giúp chồng thành công |c Dale Carnegie; Nguyễn Hiến Lê dịch | ||
| 260 | |a H. |b Thanh niên |c 1999 | ||
| 300 | |a 282 tr. |c 20 cm. | ||
| 520 | |a v.v... | ||
| 653 | |a Văn hóa | ||
| 653 | |a Gia đình | ||
| 653 | |a Thành công | ||
| 653 | |a Quan hệ gia đình | ||
| 942 | |2 ddc |c STK0 | ||
| 999 | |c 9174 |d 9174 | ||
| 952 | |0 0 |1 0 |2 ddc |4 0 |6 306_870000000000000_C100R |7 0 |8 300 |9 74326 |a qbu |b qbu |c D2 |d 2015-05-07 |g 25000 |o 306.87 C100R |p 8920.c1 |r 0000-00-00 |w 2015-05-07 |y STK0 | ||
| 952 | |0 0 |1 0 |2 ddc |4 0 |6 306_870000000000000_C100R |7 0 |8 300 |9 74327 |a qbu |b qbu |c D2 |d 2015-05-07 |g 25000 |o 306.87 C100R |p 8920.c2 |r 0000-00-00 |w 2015-05-07 |y STK0 | ||